000 00870ngm a22003250a 4500
001 PT13538
003 AR-LpoUNG
005 20210201232329.0
007 co ||u|||uuuuu
008 191001s2002||||ag |||||||||||||||||spa d
040 _aAR-LpoUNG
_bspa
_cAR-LpoUNG
_eaacr
041 _aspa
044 _aag
082 0 _a982 714his
100 1 _aSoriani, Hugo
_edir.
245 1 0 _aHistoria Argentina de la prehistoria a la actualidad
260 _aBuenos Aires :
_bPágina 12,
_cc2002.
650 4 _aANALISIS HISTORICO
650 4 _aCULTURA
650 4 _aDEMOCRACIA
650 4 _aFUERZAS ARMADAS
650 4 _aINDEPENDENCIA
650 4 _aMOVIMIENTOS DE LIBERACION NACIONAL
650 4 _aSOCIEDAD
700 1 _aForchi, Miguel Angel, cart.
700 1 _aMeirás, José Luis
_eprod.
700 1 _aPaz, Daniel
_emús.
905 _a13538
942 _cCDDVD
999 _c53376
_d53376